Maggior numero di Vittorie al Gran Premio d'Italia - Statistics

Statistiche generali
  • Questo quiz è stato fatto 9 volte
  • Il punteggio medio è 8 su 20
Statistiche sulle risposte
Numero vittorie Stagioni delle vittorie Pilota % Corretto
5 2012, 2014, 2015, 2017, 2018 Lewis Hamilton
100%
5 1996, 1998, 2000, 2003, 2006 Michael Schumacher
100%
3 1981, 1985, 1989 Alain Prost
88%
3 2008, 2011, 2013 Sebastian Vettel
88%
2 2022, 2023 Max Verstappen
75%
3 1953, 1954, 1955 Juan Manuel Fangio
63%
3 1951, 1952 Alberto Ascari
50%
3 2002, 2004, 2009 Rubens Barrichello
50%
4 1980, 1983, 1986, 1987 Nelson Piquet
38%
2 1978, 1984 Niki Lauda
25%
3 1956, 1957, 1959 Stirling Moss
25%
2 1990, 1992 Ayrton Senna
13%
2 2007, 2010 Fernando Alonso
13%
2 1965, 1969 Jackie Stewart
13%
2 1964, 1967 John Surtees
13%
2 1970, 1975 Clay Regazzoni
0%
2 1993, 1994 Damon Hill
0%
2 2001, 2005 Juan Pablo Montoya
0%
2 1960, 1961 Phil Hill
0%
3 1973, 1974, 1976 Ronnie Peterson
0%
Nessun quiz corrispondente trovato
Distribuzione punteggi
Percentuale di utenti per punteggio
Percentile per numero di risposta
I tuoi punteggi nel tempo
Non hai fatto questo quiz